A presença do sagrado na literatura educacional (Record no. 849508)

000 -CABECERA
Campo de control de longitud fija 00667nab a2200157 4500
003 - IDENTIFICADOR DEL NÚMERO DE CONTROL
Campo de control ES-SlBCS
005 - FECHA Y HORA DE LA ÚLTIMA TRANSACCIÓN
Campo de control 20210707114150.0
008 - CÓDIGOS DE INFORMACIÓN DE LONGITUD FIJA
Campo de control de longitud fija 141106s2014 br ||||| |||| 00| 00por d
040 ## - FUENTE DE LA CATALOGACIÓN
Centro catalogador del origen ES-SlBCS
Lengua de catalogación spa
100 1# - PUNTO DE ACCESO PRINCIPAL-NOMBRE DE PERSONA
Nombre de persona Araújo, Alberto Filipe Ribeiro de Abreu
9 (RLIN) 406992
245 12 - MENCIÓN DE TÍTULO
Título A presença do sagrado na literatura educacional
Resto del título : Ressonâncias da criança divina no pensamento de Maria Montessori
Mención de responsabilidad, etc. Alberto Filipe Ribeiro de Abreu Araújo ; José Augusto Lopes Ribeiro
650 04 - PUNTO DE ACCESO ADICIONAL DE MATERIA-TÉRMINO DE MATERIA
Término de materia o nombre geográfico como elemento inicial Sagrado
9 (RLIN) 165804
700 1# - PUNTO DE ACCESO ADICIONAL-NOMBRE DE PERSONA
Nombre de persona Lopes Ribeiro, José Augusto
9 (RLIN) 406993
773 0# - ENLACE AL DOCUMENTO FUENTE
Parte(s) relacionada(s) Vol. 28, Nº 56, 2014, págs. 887-914
Título Educaçao e Filosofia
Número de control del registro relacionado Rev1534
Número Internacional Normalizado para Publicaciones Seriadas (ISSN) 0102-6801
942 ## - ENTRADA DE ELEMENTOS AGREGADOS (KOHA)
Fuente de clasificaión o esquema
Koha [por defecto] tipo de item Artículos de revista
Holdings
Suprimido Perdido Fuente de clasificación o esquema Estropeado No para préstamo Localización permanente Localización actual Localización en estantería Fecha adquisición Préstamos totales Fecha última consulta Fecha del precio de reemplazo Tipo de item de Koha
          San Esteban San Esteban Depósito de revistas 06/11/2014   06/11/2014 06/11/2014 Artículos de revista

Bibliotecas Dominicos Provincia Hispania, 2016

Con tecnología Koha